000 00622cab a2200229 4500
001 WB3206-28
008 090401t1996 xxu||||| |||| 00| 0 eng d
035 _a(Sirsi) u21169
041 _aeng
245 _aEmpty homes
260 _c1996
350 _a0
490 _aDoE News Release
_v(48) 5 February 1996
490 _aTimes
_v7 February 1996, 33(3)
520 _aEnvironment Minister, James Clappison has urged more action to tackle the problem of empty homes.
650 _aEMPTY HOMES
650 _aHOUSING STOCK
650 _aVACANT PROPERTY
690 _aHOUSING
942 _n0
948 _c04/03/1997
999 _c14208
_d14208